书目信息 |
| 书名: | Ballet Basics | |
| 作者: | Sandra Noll Hammond. | |
| 分册号: | ||
| 分册名: | 出版地: | Berkeley : |
|
| 出版社: | Berkeley | |
| 出版时间: | 2004. | |
| 页数: | 204 p. ; | |
| 开本: | 26cm. | |
| 丛书名: | ||
| 中图分类号: | ||
| 科图分类号: | ||
| 其他分类号: | J71 | |
| 主题词: | ||
| 电子资源: | ||
| 000 | 00368nam 2200145 a 4500 | |
| 001 | E0752194141 | |
| 005 | 20070319145025.57 | |
| 008 | 070319s2004 00010 eng | |
| 020 | @a0-07-255714-1. | |
| 040 | @aPFT@beng | |
| 090 | @aJ71 | |
| 099 | @dJ71@ex17=5 | |
| 245 | @aBallet Basics / @cSandra Noll Hammond. | |
| 260 | @aBerkeley :@bBerkeley,@c2004. | |
| 300 | @a204 p. ;@c26cm. | |
| Ballet Basics / / Sandra Noll Hammond.-Berkeley : : Berkeley, , 2004. |
| 204 p. ; ; 26cm. |
| ISBN 0-07-255714-1. |
| ● |
| 相关链接 |
|
|
|
|
正题名:Ballet Basics
索取号:J71/x17=5
 
预约/预借
| 序号 | 登录号 | 条形码 | 馆藏地/架位号 | 状态 | 备注 |
| 1 | 0002714 | 300027147 | 第二样本阅览室/ [索取号:J71/x17=5] | 在馆 | |
| 2 | 0002715 | 300027156 | 第四借阅区/ [索取号:J71/x17=5] | 在馆 | |
| 3 | 0002716 | 300027165 | 第四借阅区/ [索取号:J71/x17=5] | 在馆 |